[Event "Heart of Finland"]
[Site "Jyvaskyla FIN"]
[Date "2010.07.09"]
[Round "7"]
[White "Kanep,M"]
[Black "Rantanen,Y"]
[Result "1-0"]
[WhiteElo "2526"]
[BlackElo "2376"]

1.d4 Nf6 2.Nf3 d5 3.c4 c6 4.Qb3 dxc4 5.Qxc4 e6 6.Bg5 Be7 7.Nbd2 b6 8.e4 h6
9.Bxf6 gxf6 10.O-O-O Bb7 11.Qc2 Nd7 12.Kb1 a6 13.Be2 b5 14.Nb3 Qb6 15.Rc1 Rc8
16.Nc5 Nxc5 17.dxc5 Qc7 18.g3 Rd8 19.Rhd1 O-O 20.Rg1 Bc8 21.Qc3 Rfe8 22.h4 f5
23.e5 h5 24.Qe3 f6 25.Qh6 fxe5 26.Qg6+ Kh8 27.Qxh5+ Kg7 28.g4  1-0

[Event "3rd Open"]
[Site "Paracin SRB"]
[Date "2010.07.09"]
[Round "1"]
[White "Colovic,D"]
[Black "Nestorovic,I"]
[Result "1-0"]
[WhiteElo "2369"]
[BlackElo "2037"]

1.d4 d5 2.c4 c6 3.Nf3 Nf6 4.Qb3 e6 5.g3 Nbd7 6.Bg2 Be7 7.O-O Ne4 8.Nfd2 f5
9.Nxe4 fxe4 10.Nc3 Nb6 11.cxd5 exd5 12.Bf4 Bd6 13.Bxd6 Qxd6 14.f3 Be6 15.fxe4 dxe4
16.Qd1 O-O-O 17.e3 Nc4 18.Nxe4 Qe7 19.Qe2 h5 20.b3 Nb6 21.Rae1 Bg4 22.Qc2 h4
23.Nc5 Nd5 24.Qg6 Bd7 25.Bxd5 cxd5 26.Rf7 Qe8 27.Rxg7 hxg3 28.hxg3 Qf8 29.Nxd7 Rxd7
30.Rc1+ Kd8 31.Qg5+  1-0

[Event "ch-Paris Int"]
[Site "Paris FRA"]
[Date "2010.07.09"]
[Round "7"]
[White "Sriram,J"]
[Black "Sochacki,C"]
[Result "0-1"]
[WhiteElo "2490"]
[BlackElo "2365"]

1.d4 d5 2.c4 c6 3.Nf3 Nf6 4.Qc2 e6 5.Bg5 Nbd7 6.cxd5 exd5 7.Nc3 Be7 8.e3 O-O
9.Bd3 h6 10.Bf4 Nh5 11.Be5 Nxe5 12.dxe5 g6 13.O-O-O Ng7 14.Kb1 b5 15.e4 d4
16.Ne2 Qb6 17.Nexd4 Bd7 18.Nf5 gxf5 19.exf5 f6 20.e6 Be8 21.g4 c5 22.Rhg1 Rd8
23.Qc1 c4 24.Be4 Bc6 25.Bxc6 Qxc6 26.Nh4 Rxd1 27.Qxd1 Rd8 28.Qc2 Bb4 29.Ng6 Qf3
30.Nh4 Qh3 31.Ng6 Rd2 32.Qe4 Kh7 33.e7 Ba3 34.Nf8+ Kg8 35.Qe3 Qxe3 36.fxe3 Rxb2+
37.Ka1 Rd2 38.Ne6 Bxe7  0-1

[Event "ch-Paris Int"]
[Site "Paris FRA"]
[Date "2010.07.10"]
[Round "8"]
[White "D'Costa,L"]
[Black "Adhiban,B"]
[Result "1/2-1/2"]
[WhiteElo "2456"]
[BlackElo "2483"]

1.d4 d5 2.c4 c6 3.Nf3 Nf6 4.Qc2 dxc4 5.Qxc4 Bg4 6.Nbd2 Nbd7 7.g3 e6 8.Bg2 Be7
9.O-O Bh5 10.Qb3 Qb6 11.Nc4 Qa6 12.Re1 O-O 13.Bg5 h6 14.Bxf6 Bxf6 15.e3 Rab8
16.Qb4 Rfc8 17.Nfe5 c5 18.Qb3 Bxe5 19.dxe5 b5 20.Nd6 Rd8 21.f4 c4 22.Qb4 Qb6
23.a4 a6 24.axb5 axb5 25.Ra5 Qc5 26.Qd2 Nb6 27.Qd4 Na4 28.Bc6 Nxb2 29.Bxb5 Nd3
30.Rc1 Be2 31.Rxc4 Bh5 32.Rxc5 Bg6 33.h3 Be4 34.h4 Bd5 35.Rc7 h5 36.Raa7 g6
37.Bxd3 Kf8  1/2-1/2

[Event "MGU-10 Open"]
[Site "Sofia BUL"]
[Date "2010.07.10"]
[Round "2"]
[White "Ninov,D"]
[Black "Petrov,Vl4"]
[Result "1-0"]
[WhiteElo "2020"]
[BlackElo "2025"]

1.d4 d5 2.c4 c6 3.Nf3 Nf6 4.g3 e6 5.Bg2 Be7 6.Qc2 O-O 7.O-O Nbd7 8.Nbd2 a6
9.e4 dxe4 10.Nxe4 Nxe4 11.Qxe4 Bf6 12.Ne5 c5 13.Nxd7 Bxd7 14.dxc5 Bc6 15.Qe2 Bxg2
16.Kxg2 Qc7 17.Be3 Qe5 18.Rab1 Qe4+ 19.f3 Qe5 20.b4 Rfd8 21.Rfd1 h6 22.Rbc1 Rac8
23.f4 Qf5 24.Qf3 Rxd1 25.Rxd1 Qc2+ 26.Rd2 Qxc4 27.Qxb7 Rd8 28.Rxd8+ Bxd8
29.a4 Bf6 30.Bf2 Qc2 31.b5 Bd4 32.Qf3  1-0

[Event "Int ch-SVK OpenA"]
[Site "Banska Stiavnica SVK"]
[Date "2010.07.11"]
[Round "2"]
[White "Hlas,J"]
[Black "Petenyi,T"]
[Result "1/2-1/2"]
[WhiteElo "2224"]
[BlackElo "2375"]

1.d4 d5 2.c4 c6 3.Nf3 Nf6 4.Qc2 g6 5.Nc3 Bg7 6.Bf4 O-O 7.e3 c5 8.O-O-O Bf5
9.Bd3 Bxd3 10.Qxd3 cxd4 11.Nxd4 Nbd7 12.Nc2 Nc5 13.Qe2 Qb6 14.Be5 dxc4 15.Qxc4 Rac8
16.Bd4 e5 17.Bxc5 Rxc5 18.Qb3 Qxb3 19.axb3 Rfc8 20.Kb1 Ng4 21.Rd2 f5 22.f3 Nf6
23.e4 Bh6 24.Re2 fxe4 25.fxe4 Rd8 26.Rd1 Rxd1+ 27.Nxd1 Rc6 28.Nc3 Rb6 29.Ka2 Kf7
30.Na3 Ke6 31.Nc4 Rc6 32.Kb1 a6 33.Na5 Rc7 34.Nc4 Rc6 35.Ne3 Bxe3 36.Rxe3 b5
37.Nd1 Rd6 38.Kc2 Ng4 39.Rg3 Nf6 40.Nf2 Rd4 41.Re3 Kd6 42.Kc1 a5 43.Kc2 Nd7
44.Rh3 Nf6 45.Re3 b4 46.Kc1 Nd7 47.Nd3 Nc5 48.Nxc5 Kxc5 49.Kc2 Kb5 50.Re1 Kc5
51.Re3 Kb6 52.Re2 Kb5 53.Re1 Rd7 54.Rf1 Rd4 55.Re1  1/2-1/2

[Event "38th TCh-GRE DivA"]
[Site "Peristeri GRE"]
[Date "2010.07.11"]
[Round "7"]
[White "Parginos,V"]
[Black "Tsarouhas,K"]
[Result "1/2-1/2"]
[WhiteElo "2227"]
[BlackElo "2205"]

1.d4 d5 2.c4 c6 3.Nf3 Nf6 4.Qc2 g6 5.Nc3 Bg7 6.Bf4 dxc4 7.e4 b5 8.Be2 O-O
9.O-O Nbd7 10.a4 b4 11.Nb1 Ba6 12.Nbd2 c5 13.Bxc4 Bxc4 14.Qxc4 cxd4 15.Qxb4 a5
16.Qa3 Nh5 17.Bg5 Re8 18.Nc4 Nb6 19.Rac1 Nxc4 20.Rxc4 Qb6 21.Rfc1 Rab8 22.Bd2 Qxb2
23.Qxb2 Rxb2 24.Rc8 Rb8 25.Rxe8+ Rxe8 26.e5 f5 27.Rc5 Rb8 28.g3 Rb2 29.Rxa5 h6
30.h4 Kf7 31.Kg2 Bf8 32.Rd5 f4 33.g4 Ng7 34.Rxd4 Ne6 35.Rb4 Ra2 36.Rc4 g5
37.hxg5 hxg5 38.a5 Ke8 39.Nd4 Nxd4 40.Rxd4 Kf7 41.Bc3 Bg7 42.Rc4 Ke6 43.Rc6+ Kd5
44.Rg6 Rc2 45.Rxg7 Rxc3 46.Rxg5 e6 47.Rg7 Ra3 48.Ra7 Kxe5 49.a6 Kf6 50.Ra8 e5
51.a7 Kg7 52.Re8 Rxa7 53.Rxe5 Kg6 54.Rf5 Ra4 55.Kf3 Rb4 56.Rxf4 Rb3+ 57.Kg2 Kg5
58.Ra4 Rc3 59.f3 Kh4 60.Ra2 Rb3 61.Kf2 Rc3 62.Rd2 Ra3 63.Rd7 Ra2+ 64.Ke3 Kg3
65.g5 Kh4 66.f4 Kg4 67.g6 Kf5 68.g7 Rg2 69.Kf3 Rg1 70.Ra7 Kf6 71.Ke4 Re1+
72.Kd5 Rd1+ 73.Ke4 Re1+ 74.Kd4 Rg1 75.Rc7 Rd1+ 76.Ke4 Re1+ 77.Kd5 Rd1+ 78.Kc6 Rc1+
79.Kd7 Rxc7+  1/2-1/2

[Event "ZDMI Open"]
[Site "Dresden GER"]
[Date "2010.07.12"]
[Round "3"]
[White "Khenkin,I"]
[Black "Proschmann,T"]
[Result "1-0"]
[WhiteElo "2632"]
[BlackElo "2092"]

1.d4 d5 2.c4 c6 3.Nf3 Nf6 4.Qb3 dxc4 5.Qxc4 Bf5 6.g3 e6 7.Bg2 Nbd7 8.O-O Be7
9.e3 O-O 10.Rd1 Qc7 11.Qe2 Rad8 12.Nc3 h6 13.e4 Bh7 14.Bf4 Qa5 15.d5 exd5
16.exd5 Rfe8 17.dxc6 bxc6 18.Nd4 Bc5 19.Be3 Bxd4 20.Rxd4 Ne5 21.Rad1 Rxd4
22.Bxd4 Qc7 23.Bxe5 Rxe5 24.Qxe5 Qxe5 25.Rd8+ Ne8 26.Bxc6 Qe1+ 27.Kg2 Kf8
28.b4 f6 29.Rxe8+ Qxe8 30.Bxe8 Kxe8 31.Nb5 Kd7 32.Nxa7 Bd3 33.Kf3 Kc7 34.Ke3 Ba6
35.b5 Bb7 36.Nc6 Kb6 37.a4 Bc8 38.Kd4 Be6 39.Kc3 Kc5 40.Nd4  1-0

[Event "ZDMI Open"]
[Site "Dresden GER"]
[Date "2010.07.13"]
[Round "4"]
[White "Heck,N"]
[Black "Lysyj,I"]
[Result "0-1"]
[WhiteElo "2268"]
[BlackElo "2631"]

1.Nf3 d5 2.d4 c6 3.c4 dxc4 4.a4 Nf6 5.g3 c5 6.Bg2 Nc6 7.Na3 cxd4 8.Nxc4 Be6
9.Na3 Bd5 10.Bg5 e5 11.O-O Be7 12.e3 dxe3 13.Bxe3 O-O 14.Rc1 Re8 15.Nc4 Ng4
16.Re1 Nxe3 17.Nxe3 Be6 18.Rxc6 bxc6 19.Nxe5 Qxd1 20.Rxd1 Bb3 21.Rd7 Bxa4
22.Bxc6 Bxc6 23.Nxc6 Bc5 24.Nd5 Re2 25.b4 Bb6 26.Rb7 h6 27.b5 Bxf2+ 28.Kf1 Rb2
29.Ne5 Bd4 30.Nc6 Bb6 31.h4 Rxb5 32.Nce7+ Kf8 33.Nc7 Bxc7  0-1

[Event "Open A"]
[Site "Oberwart AUT"]
[Date "2010.07.13"]
[Round "1"]
[White "Kummer,Hel"]
[Black "Rieger,R"]
[Result "1/2-1/2"]
[WhiteElo "2351"]
[BlackElo "2041"]

1.d4 d5 2.c4 c6 3.Nf3 Nf6 4.Qc2 dxc4 5.Qxc4 Bf5 6.Nc3 h6 7.g3 e6 8.Bg2 Nbd7
9.O-O Be7 10.Re1 Ne4 11.Qb3 Qb6 12.Qxb6 axb6 13.Nh4 Nxc3 14.Nxf5 exf5 15.bxc3 Nf6
16.f3 b5 17.e4 fxe4 18.fxe4 O-O 19.d5 Bc5+ 20.Kh1 Ng4 21.Bf1 Rfe8 22.h3 Nf2+
23.Kh2 Nxe4 24.dxc6 bxc6 25.Bg2 Nxc3 26.Bb2 b4 27.a3 Rxe1 28.Rxe1 Rc8 29.axb4 Bxb4
30.Bxc3 Bxc3 31.Rc1 Bd2  1/2-1/2

[Event "7th South Wales Int"]
[Site "Treforest WLS"]
[Date "2010.07.15"]
[Round "9"]
[White "Georgiev,Vl"]
[Black "Menadue,J"]
[Result "1-0"]
[WhiteElo "2586"]
[BlackElo "2155"]

1.d4 Nf6 2.Nf3 d5 3.c4 c6 4.Qb3 e6 5.Bg5 Nbd7 6.e3 Be7 7.Nc3 O-O 8.Rd1 Re8
9.Bd3 dxc4 10.Bxc4 Nd5 11.Bxe7 Qxe7 12.O-O Nxc3 13.bxc3 b5 14.Bd3 a6 15.a4 Rb8
16.Qc2 h6 17.c4 Bb7 18.c5 Rbc8 19.Nd2 Nf6 20.f4 Nd5 21.Rde1 Red8 22.Nf3 Nb4
23.Bh7+ Kh8 24.Qb1 Nd5 25.Ne5 Rc7 26.Bc2 Bc8 27.Qb3 Bd7 28.Qd3 g6 29.Qd2 Be8
30.e4 Nf6 31.f5 g5 32.Qc3 Kg8 33.Re3 Nd7 34.Ng4 h5 35.Nh6+ Kh7 36.e5 Kxh6
37.f6 Qf8 38.Rh3 h4 39.Qe3 Kh5 40.g4+  1-0

[Event "Corporation Centre Cup"]
[Site "Izhevsk RUS"]
[Date "2010.07.16"]
[Round "2"]
[White "Zaynutdinov,I"]
[Black "Palachev,P"]
[Result "1-0"]
[WhiteElo "1998"]
[BlackElo "2201"]

1.d4 d5 2.c4 c6 3.Nf3 Nf6 4.Qc2 g6 5.Bf4 a6 6.e3 Bf5 7.Bd3 Bxd3 8.Qxd3 b5
9.cxb5 cxb5 10.b4 e6 11.a3 Nbd7 12.Nbd2 Nb6 13.O-O Nc4 14.Nb3 Be7 15.Rfb1 O-O
16.Nc5 Qb6 17.Ne5 Rfc8 18.a4 Qd8 19.h3 Qe8 20.a5 Ne4 21.f3 Ned2 22.Rd1 Nxe5
23.Bxe5 Nc4 24.Qc3 Nxe5 25.dxe5 Bxc5 26.bxc5 Qc6 27.Rac1 b4 28.Qxb4 Rab8
29.Qa3 Rb5 30.Rb1 Qxc5 31.Qxc5 Rcxc5 32.Rxb5 Rxb5 33.Ra1 Rb2 34.Kf1 Kg7 35.Ra3 Kf8
36.Ra1 Ke7 37.Rc1 Kd7 38.Rc5 h5 39.Rc1 Rb5 40.Ra1 Kc6 41.Ra2 d4 42.exd4 Kd5
43.Kf2 Kxd4 44.f4 Kc3 45.Kg3 Kb4 46.Rd2 Kxa5 47.Rd7 Kb4 48.Rxf7 a5 49.Rf6 a4
50.Rxe6 Ra5 51.Rb6+ Kc5 52.Rb1 a3 53.Kh4 a2 54.Ra1 Ra6 55.Kg5 Kd4 56.e6 Rxe6
57.Rxa2 Ke3 58.g4 hxg4 59.hxg4 Kd4 60.Rd2+ Ke3 61.Rd1 Ke2 62.Rd5 Kf3 63.Re5 Rd6
64.f5 gxf5 65.gxf5  1-0

[Event "ZDMI Open"]
[Site "Dresden GER"]
[Date "2010.07.17"]
[Round "8"]
[White "Stabolewski,A"]
[Black "Zherebukh,Y"]
[Result "0-1"]
[WhiteElo "2267"]
[BlackElo "2572"]

1.Nf3 Nf6 2.c4 c6 3.d4 d5 4.Qb3 dxc4 5.Qxc4 Bf5 6.Nc3 e6 7.g3 Nbd7 8.Bg2 Be7
9.O-O O-O 10.Re1 Ne4 11.Qb3 Qb6 12.Nh4 Bxh4 13.gxh4 Ndf6 14.f3 Nxc3 15.bxc3 e5
16.e4 Be6 17.Qa4 Nh5 18.Be3 Qd8 19.Bg5 Qc7 20.Qb4 b6 21.Red1 c5 22.Qb2 h6
23.Be3 cxd4 24.cxd4 exd4 25.Rxd4 Rac8 26.Bf1 Qe7 27.a4 Qxh4 28.e5 Qe7 29.a5 Bf5
30.Rd6 Rfe8 31.axb6 axb6 32.f4 Rc2 33.Qb5 Rec8 34.Ra4 Rxh2 35.Rc4 Rxc4 36.Qxc4 Qh4
37.Bg2 Rxg2+ 38.Kxg2 Qg3+ 39.Kf1 Qxe3  0-1

[Event "Sparkassen Open A"]
[Site "Dortmund GER"]
[Date "2010.07.18"]
[Round "2"]
[White "Krueger,Er"]
[Black "Aulich,M"]
[Result "0-1"]
[WhiteElo "2255"]
[BlackElo "2102"]

1.d4 d5 2.c4 c6 3.Nf3 Nf6 4.Qc2 e6 5.e3 Nbd7 6.Nc3 Bd6 7.Bd3 O-O 8.O-O dxc4
9.Bxc4 Qe7 10.e4 e5 11.d5 Nb6 12.Bb3 cxd5 13.exd5 Bg4 14.Bg5 Bxf3 15.gxf3 h6
16.Bh4 g5 17.Kh1 Nh5 18.Rg1 f5 19.Nb5 Rac8 20.Qd2 Nf4 21.Bxg5 hxg5 22.Nxd6 Qxd6
23.Rxg5+ Kh8 24.Rag1 Rc7 25.R1g3 Rh7 26.Qd1 Nh3  0-1

[Event "1st Open"]
[Site "Vaujany FRA"]
[Date "2010.07.18"]
[Round "9"]
[White "Arnaudov,G"]
[Black "Brunner,N"]
[Result "0-1"]
[WhiteElo "2423"]
[BlackElo "2451"]

1.d4 d5 2.Nf3 Nf6 3.c4 c6 4.Qc2 dxc4 5.e4 b5 6.b3 cxb3 7.axb3 e6 8.Bd2 a5
9.Bd3 Be7 10.O-O Bb7 11.Re1 h6 12.Bc3 Nbd7 13.Qe2 b4 14.Bb2 Nb6 15.Qc2 O-O
16.Nbd2 Nfd7 17.Ra2 Ra7 18.Nc4 Nxc4 19.bxc4 Qc7 20.e5 c5 21.d5 exd5 22.e6 Nf6
23.exf7+ Rxf7 24.Ne5 d4 25.Bf5 Bc8 26.Nxf7 Kxf7 27.Bxc8 Qxc8 28.Bc1 Qd7 29.Ra4 Bd6
30.h3 Bc7 31.Bd2 Ra8 32.Qb3 Qd6 33.g3 Qc6 34.Re2 Nd7 35.f4 Bd8 36.Ra1 a4
37.Qd3 a3 38.g4 Bh4 39.g5 Kg8 40.gxh6 Qxh6 41.Qe4 Rd8 42.Qd5+ Kh8 43.Kh2 Nf8
44.Qxc5 d3 45.Re5 Nd7 46.Qxb4 Nxe5 47.fxe5 Qh5 48.Rg1 Qxe5+ 49.Kh1 Qf5 50.Rg4 Qf1+
51.Kh2 Qf2+ 52.Kh1 Bg3  0-1

[Event "1st Open"]
[Site "Vaujany FRA"]
[Date "2010.07.18"]
[Round "9"]
[White "Guillaumat,JP"]
[Black "Ziliotto,T"]
[Result "1/2-1/2"]
[WhiteElo "1959"]
[BlackElo "2029"]

1.d4 d5 2.Nf3 Nf6 3.c4 c6 4.Qc2 e6 5.g3 Nbd7 6.Bg2 Bd6 7.O-O O-O 8.cxd5 exd5
9.Nc3 Re8 10.Nh4 Nf8 11.Bg5 Ne6 12.Bxf6 Qxf6 13.e3 Bd7 14.Rad1 Ng5 15.e4 Nxe4
16.Nxe4 dxe4 17.Bxe4 g6 18.Rfe1 Re7 19.Qd2 Rae8 20.f3 Kh8 21.Qh6 Qe6 22.g4 Qxa2
23.Re2 Qc4 24.Bxg6 fxg6 25.Rxe7 Bxe7 26.Nxg6+ Kg8 27.Nxe7+ Rxe7 28.Qg5+ Kf8
29.Qf6+ Qf7 30.Qh8+ Qg8 31.Qf6+ Qf7 32.Qh8+ Qg8 33.Qf6+ Qf7  1/2-1/2

[Event "Corporation Centre Cup"]
[Site "Izhevsk RUS"]
[Date "2010.07.19"]
[Round "5"]
[White "Yaksin,O"]
[Black "Toropov,P"]
[Result "1/2-1/2"]
[WhiteElo "2406"]
[BlackElo "2174"]

1.d4 d5 2.c4 c6 3.Nf3 Nf6 4.Qc2 g6 5.Bf4 Bg7 6.e3 Bf5 7.Qb3 Qb6 8.Nc3 Nbd7
9.h3 O-O 10.Be2 dxc4 11.Bxc4 Ne4 12.O-O Qxb3 13.Bxb3 Nxc3 14.bxc3 c5 15.Rad1 Be4
16.Ng5 Bc6 17.d5 Bb5 18.c4 Ba6 19.a4 Ne5 20.Bxe5 Bxe5 21.f4 Bg7 22.e4 b6
23.e5 Rad8 24.Rfe1 Bc8 25.a5 f6 26.Nf3 fxe5 27.fxe5 Bxh3 28.d6 e6 29.axb6 axb6
30.Ra1 Bf5 31.Ra7 h6 32.Ba4 Ra8 33.Rxa8 Rxa8 34.Bc6 Rd8 35.Nh4 Bd3 36.Bd5 exd5
37.e6 Bf6 38.e7 Bxh4 39.exd8=Q+ Bxd8 40.Re8+ Kf7 41.Rxd8 dxc4 42.Rb8 Ke6
43.Rxb6 Kd7 44.Kf2 c3 45.Rb7+ Kxd6 46.Rb3 Kd5 47.Rxc3 Kd4 48.Rb3 c4 49.Rb8 c3
50.Rd8+ Ke4 51.Re8+ Kf4 52.g3+ Kg4 53.Ke1 c2 54.Kd2 Bf5 55.Re3 h5 56.Kc1 Kh3
57.Kd2 Kg2 58.Rc3 Kf2 59.Rb3 Kg2 60.Ra3 Kh2 61.Rb3 g5 62.Ra3 g4 63.Ra5 Kxg3
64.Rxf5 h4 65.Kxc2 Kh2 66.Rf4 Kg3 67.Rf8 h3 68.Kd2 Kg2 69.Ke3 h2 70.Rh8 g3
71.Kf4  1/2-1/2

[Event "XIV Battle Of Senta"]
[Site "Senta SRB"]
[Date "2010.07.22"]
[Round "7"]
[White "Srebrnic,V"]
[Black "Elez,S"]
[Result "1-0"]
[WhiteElo "2201"]
[BlackElo "2136"]

1.Nf3 Nf6 2.c4 c6 3.d4 d5 4.Qc2 e6 5.g3 Be7 6.Bg2 O-O 7.O-O Nbd7 8.Rd1 Ne4
9.Nfd2 f5 10.f3 Nef6 11.Nc3 b6 12.b3 Bb7 13.Bb2 Rc8 14.Rac1 c5 15.e3 Qe8
16.Ne2 Bd6 17.Qd3 Qf7 18.Nc3 Bb8 19.cxd5 Nxd5 20.Nxd5 exd5 21.Re1 Rce8 22.Re2 cxd4
23.Bxd4 Bd6 24.Ree1 Nc5 25.Qb1 Ba6 26.Bf1 Bxf1 27.Nxf1 Ne6 28.Qd3 Rd8 29.Rc2 Rfe8
30.Ree2 Qh5 31.Kg2 Re7 32.f4 Bc5 33.Be5 Rf7 34.Nd2 d4 35.e4 fxe4 36.Nxe4 Qg6
37.Nxc5 Nxc5 38.Qxg6 hxg6 39.Rcd2 d3 40.Re3 Rfd7 41.b4 Ne6 42.Kf3 Nd4+ 43.Bxd4 Rxd4
44.Re4 a5 45.bxa5 bxa5 46.Rxd4 Rxd4 47.Ke3 Ra4 48.Kxd3 Kf7 49.Kc3 Kf6 50.Kb3 Re4
51.Rd6+ Kf7 52.Ra6 Re2 53.Rxa5 Rxh2 54.a4 Re2 55.Rg5 Ke6 56.Rxg6+ Kd5 57.Rxg7 Kd4
58.Rd7+ Kc5 59.Rd3 Rf2 60.a5 Kb5 61.Rd5+ Ka6 62.Kc4 Kb7 63.Kd4 Kc6 64.Re5 Kd6
65.Ke4 Rg2 66.Kf3 Rh2 67.Kg4 Ra2 68.Kh4 Rf2 69.a6 Ra2 70.Rg5 Ke6 71.Rh5 Kf6
72.Rh6+ Kf5 73.Rb6 Ra5 74.Kh5 Ra1 75.Kh6 Rh1+ 76.Kg7 Kg4 77.Rg6+ Kf5 78.Rg5+ Ke6
79.Ra5  1-0

[Event "Corporation Centre Cup"]
[Site "Izhevsk RUS"]
[Date "2010.07.23"]
[Round "9"]
[White "Shurunov,Ar"]
[Black "Somkin,E"]
[Result "1/2-1/2"]
[WhiteElo "2149"]
[BlackElo "2387"]

1.d4 d5 2.c4 c6 3.Nf3 Nf6 4.Qc2 dxc4 5.Qxc4 Bg4 6.Nbd2 Nbd7 7.g3 e6 8.Bg2 Bd6
9.O-O O-O 10.Re1 e5 11.dxe5 Nxe5 12.Nxe5 Bxe5 13.Nf3 Bd6 14.Bg5 Be6 15.Qc2 h6
16.Bd2 Qb6 17.e3 Rad8 18.Nd4 Bd5 19.Nf5 Bxg2 20.Kxg2 Bb4 21.Bxb4 Qxb4 22.Rad1 Rfe8
23.a3 Qe4+ 24.Qxe4 Nxe4 25.Nd4 Rd7 26.Kf3 Rd5 27.Ke2 Red8 28.f3 Nc5 29.Nf5 Kf8
30.Rxd5 Rxd5 31.e4 Rd7 32.Rd1 Rxd1 33.Kxd1 h5 34.Kd2  1/2-1/2

[Event "15th Open"]
[Site "Balaguer ESP"]
[Date "2010.07.24"]
[Round "6"]
[White "Maletin,P"]
[Black "Gomez Garrido,C"]
[Result "1-0"]
[WhiteElo "2617"]
[BlackElo "2499"]

1.d4 d5 2.c4 c6 3.Nf3 dxc4 4.e3 Be6 5.Nbd2 Nf6 6.Bxc4 Bxc4 7.Nxc4 e6 8.Qb3 Qc7
9.O-O Nbd7 10.Bd2 Be7 11.Bb4 c5 12.dxc5 Bxc5 13.Bxc5 Nxc5 14.Qb5+ Nfd7 15.Rfd1 a6
16.Qa5 Qxa5 17.Nxa5 b6 18.Nc4 a5 19.Rac1 Rb8 20.Rd6 O-O 21.Nxb6 Nxb6 22.Rxc5 Na4
23.Rxa5 Nxb2 24.Ra7 Nc4 25.Rd1 Ra8 26.Rdd7 h6 27.Rxf7 Rxa7 28.Rxa7 Rb8 29.g4 Rb1+
30.Kg2 Rb2 31.Kg3 Nd6 32.Ra4 Nb5 33.Ra8+ Kh7 34.Rb8  1-0

[Event "TCh-CHN"]
[Site "Shanghai CHN"]
[Date "2010.07.25"]
[Round "8"]
[White "Wen Yang"]
[Black "Yu Yangyi"]
[Result "1/2-1/2"]
[WhiteElo "2520"]
[BlackElo "2574"]

1.d4 d5 2.c4 c6 3.Nf3 Nf6 4.Qc2 a6 5.Bf4 g6 6.e3 Bg7 7.Nbd2 O-O 8.Bd3 Bg4
9.O-O Nbd7 10.h3 Bxf3 11.Nxf3 c5 12.Qe2 Rc8 13.Bh2 cxd4 14.exd4 dxc4 15.Bxc4 Nb6
16.Bb3 e6 17.Be5 Nbd5 18.Qd2 Ne4 19.Qe2 Nef6 20.Qd2 Ne4 21.Qe2 Nef6 22.Qd2  1/2-1/2

[Event "Brunei Inv IM"]
[Site "Bandar Seri Begawan BRU"]
[Date "2010.07.26"]
[Round "1"]
[White "Vakhidov,N"]
[Black "Hj,Azahari Md Aliuddin"]
[Result "1-0"]
[WhiteElo "2134"]
[BlackElo "2049"]

1.d4 d5 2.c4 c6 3.Nf3 Nf6 4.Qc2 dxc4 5.Qxc4 Bf5 6.g3 e6 7.Bg2 Be7 8.O-O O-O
9.Nc3 h6 10.e3 Nbd7 11.Qe2 Ne4 12.Nd2 Nef6 13.e4 Bg6 14.Nb3 a5 15.Be3 a4
16.Nc1 a3 17.Nd3 Qa5 18.Rfb1 axb2 19.Qxb2 Ng4 20.Bd2 Qa6 21.Nf4 b5 22.h3 Ngf6
23.Nxg6 fxg6 24.Qb3 b4 25.Qxe6+ Rf7 26.Nd1 Qe2 27.Rb2 Qd3 28.e5 Nf8 29.Qxc6  1-0

[Event "21st Czech GM Open"]
[Site "Pardubice CZE"]
[Date "2010.07.26"]
[Round "4"]
[White "Doros,R"]
[Black "Seegert,K"]
[Result "1-0"]
[WhiteElo "2331"]
[BlackElo "2166"]

1.d4 d5 2.c4 c6 3.Nf3 Nf6 4.Qc2 dxc4 5.Qxc4 Bf5 6.Nc3 e6 7.g3 Be7 8.Bg2 O-O
9.O-O Nbd7 10.Re1 Ne4 11.Qb3 Qb6 12.Nh4 Bb4 13.g4 Nxf2 14.Kxf2 Qxd4+ 15.Be3 Qxg4
16.Nxf5 exf5 17.Kg1 Bc5 18.Bxc5 Nxc5 19.Qc2 Ne6 20.Rf1 g6 21.Rad1 Rfe8 22.Kh1 Nf4
23.Bf3 Qh4 24.Rd7 Qh3 25.Rg1 Rad8 26.Rxd8 Rxd8 27.Qa4 Ne6 28.Qxa7 Rd4 29.Qxb7 Rf4
30.Qb8+ Kg7 31.Qe5+ Kg8 32.Bxc6 Rf1 33.Bg2 Rxg1+ 34.Kxg1 Qh6 35.Nd5 Qc1+
36.Bf1 Qc5+ 37.e3 h6 38.Nf6+ Kh8 39.Qxc5  1-0

[Event "Open ch-BUL w"]
[Site "Vratsa BUL"]
[Date "2010.07.26"]
[Round "2"]
[White "Chilingirova,P"]
[Black "Voiska,M"]
[Result "1/2-1/2"]
[WhiteElo "2165"]
[BlackElo "2330"]

1.d4 d5 2.c4 c6 3.Nf3 Nf6 4.Qc2 g6 5.Bf4 Na6 6.a3 Bf5 7.Qc1 Bg7 8.e3 O-O
9.Nc3 c5 10.cxd5 cxd4 11.Nxd4 Nxd5 12.Nxf5 gxf5 13.Bxa6 bxa6 14.Nxd5 Qxd5
15.O-O Rac8 16.Qd1 Rfd8 17.Qh5 Qe6 18.Rab1 Rc2 19.h3 Qg6 20.Qf3 e5 21.Bg3 e4
22.Qf4 Bh6 23.Qe5 Rcd2 24.Bh4 Rf8 25.Qc3 Rd3 26.Qc7 f4 27.exf4 Rxh3 28.f5 Qg4
29.Bg3 Rh5 30.Rfd1 Qxf5 31.Rd8 e3 32.Re1 exf2+ 33.Bxf2 Rg5 34.Rxf8+ Bxf8
35.Qc6 Qd5 36.Qxd5  1/2-1/2

[Event "Open ch-BUL w"]
[Site "Vratsa BUL"]
[Date "2010.07.26"]
[Round "2"]
[White "Raeva,E"]
[Black "Galunova,T"]
[Result "1-0"]
[WhiteElo "2286"]
[BlackElo "1984"]

1.d4 d5 2.c4 c6 3.Nf3 Nf6 4.Qc2 g6 5.Bf4 Bf5 6.Qb3 Qb6 7.Nbd2 Na6 8.a3 Qxb3
9.Nxb3 dxc4 10.Na5 Nd5 11.Bd2 c5 12.e4 Bxe4 13.Bxc4 Nac7 14.Ng5 Bxg2 15.Rg1 f6
16.Rxg2 fxg5 17.Nxb7 cxd4 18.Nc5 e5 19.Ne6 Rb8 20.Rxg5 Bd6 21.Nxd4 exd4 22.Bxd5 Nxd5
23.Rxd5 Bxh2 24.O-O-O O-O 25.Bh6 Rxf2 26.R5xd4 Rc8+ 27.Kb1 Re8 28.Rd8 Re2
29.Rxe8+ Rxe8 30.Rd7 a5 31.Rg7+ Kh8 32.Ra7 Be5 33.Rxa5 Bg7 34.Bc1 h5 35.b4 h4
36.Rg5 Re1 37.Rxg6 Kh7 38.Rg4 Bh6 39.Rxh4 Rxc1+ 40.Kb2 Rg1 41.a4 Kg6 42.a5 Bg5
43.Rc4 Kf7 44.Kb3 Ke6 45.Ka4 Kd7 46.Kb5 Be3 47.Rc3 Bf2 48.Rf3 Rg5+ 49.Ka6 Be1
50.b5 Re5 51.Ra3 Kc7 52.Ra4 Kb8 53.Rc4 Rd5 54.Re4 Bc3 55.Re8+ Kc7 56.b6+ Kd7
57.b7 Rxa5+ 58.Kb6 Ra1 59.b8=Q Bd4+ 60.Kb5 Rb1+ 61.Kc4 Rxb8 62.Rxb8 Kc7 63.Rb1 Bb6
64.Kb5 Kb7 65.Rf1 Ba7 66.Rf6 Bb8 67.Rb6+ Ka8 68.Ka6 Ba7 69.Rb7 Bb8 70.Rd7 Be5
71.Ra7+ Kb8 72.Re7 Bd6 73.Rd7 Bf4 74.Rd8+ Kc7 75.Rf8 Bd6 76.Rf7+ Kb8 77.Kb6 Ka8
78.Ra7+ Kb8 79.Rd7  1-0

[Event "Brunei Inv IM"]
[Site "Bandar Seri Begawan BRU"]
[Date "2010.07.29"]
[Round "8"]
[White "Hj,Azahari Md Aliuddin"]
[Black "Hj,Azahari Siti Nur Fatimah"]
[Result "1/2-1/2"]
[WhiteElo "2049"]
[BlackElo "2065"]

1.Nf3 Nf6 2.c4 c6 3.d4 d5 4.Qc2 e6 5.Bf4 Bd6 6.g3 O-O 7.Nbd2 Qe7 8.Bxd6 Qxd6
9.Bg2 Nbd7 10.O-O b6 11.Rac1 Bb7 12.Rfe1 Rac8 13.e4 dxe4 14.Nxe4 Nxe4 15.Qxe4 Nf6  1/2-1/2

[Event "21st Czech GM Open"]
[Site "Pardubice CZE"]
[Date "2010.07.29"]
[Round "7"]
[White "Agaragimov,D"]
[Black "Chernyshova,N"]
[Result "1-0"]
[WhiteElo "2311"]
[BlackElo "2019"]

1.d4 d5 2.Nf3 Nf6 3.c4 c6 4.Qc2 e6 5.g3 Nbd7 6.Bg2 Be7 7.O-O O-O 8.b3 b6
9.Nc3 Bb7 10.Bb2 c5 11.cxd5 Nxd5 12.Nxd5 Bxd5 13.e4 Bb7 14.Rfd1 cxd4 15.Nxd4 Rc8
16.Qe2 Qe8 17.Nb5 a6 18.Nd6 Bxd6 19.Rxd6 Qe7 20.Rad1 Rfd8 21.Qd2 Rc7 22.Rxb6 Rdc8
23.Rd6 Nf8 24.Qd4 f6 25.Ba3 e5 26.Qa4 Qe8 27.Qb4 Rb8 28.Qa5  1-0

[Event "21st Czech GM Open"]
[Site "Pardubice CZE"]
[Date "2010.07.29"]
[Round "7"]
[White "Lorscheid,G"]
[Black "Congiu,M"]
[Result "0-1"]
[WhiteElo "2326"]
[BlackElo "2199"]

1.d4 d5 2.c4 c6 3.Nf3 Nf6 4.Qc2 g6 5.Bf4 Na6 6.c5 Bg7 7.a3 O-O 8.e3 Ne4 9.b4 Nc7
10.h3 a5 11.Ra2 Bf5 12.Qb2 Na6 13.Bxa6 bxa6 14.O-O axb4 15.Qxb4 f6 16.Qb6 Qe8
17.Re1 h5 18.Bc7 Qd7 19.Nfd2 Ng5 20.h4 Ne6 21.Bg3 g5 22.Nc3 gxh4 23.Bxh4 a5
24.Qb3 Qe8 25.Bg3 h4 26.Bxh4 Qh5 27.Bg3 Kf7 28.Raa1 Rh8 29.f3 Rag8 30.Kf2 Bh6
31.Nf1 Bg5 32.Ne2 Bh4 33.Rec1 Rxg3 34.Nfxg3 Rg8 35.e4 Bxg3+ 36.Nxg3 Qh4 37.exf5 Qxg3+
38.Ke3 Qf4+ 39.Kf2 Qd2+  0-1

[Event "21st Czech GM Open"]
[Site "Pardubice CZE"]
[Date "2010.07.29"]
[Round "7"]
[White "Fominykh,M"]
[Black "Yefimov,M"]
[Result "1-0"]
[WhiteElo "2313"]
[BlackElo "2050"]

1.d4 d5 2.c4 c6 3.Nf3 Nf6 4.g3 dxc4 5.a4 a5 6.Bg2 Nbd7 7.Na3 Nb6 8.O-O g6
9.Ne5 Be6 10.e4 Bg7 11.Be3 Nfd7 12.Nxd7 Bxd7 13.Rc1 O-O 14.Nxc4 Nxc4 15.Rxc4 Rc8
16.Qd2 Be6 17.d5 cxd5 18.Rxc8 Bxc8 19.exd5 Bd7 20.b4 Bxa4 21.bxa5 Qd7 22.Bc5 Re8
23.Re1 Bb5 24.Qb4 Bf6 25.h4 Ba6 26.Bf3 Qf5 27.Re3 Qd7 28.Kh2 h5 29.Bg2 Qd8
30.Qa4 Rf8 31.Qb4 Re8 32.Qe1 Bb5 33.f4 Qd7 34.Qb1 Ba6 35.Qe4 Bb5 36.Bh3 Qd8
37.f5 Kg7 38.fxg6 fxg6 39.Qb4 Ba6 40.Bg2 Qd7 41.Re6 Kf7 42.Qf4 Kg7 43.Qe4 Bb5
44.Bd4 Qd8 45.d6 Bxd4 46.Rxg6+ Kh7 47.Rg5+ Kh8 48.Rxh5+ Kg7 49.Qxd4+ Kg8
50.Qg4+ Kf7 51.Qf5+  1-0

[Event "Open"]
[Site "Szombathely HUN"]
[Date "2010.07.29"]
[Round "3"]
[White "Babos,Z"]
[Black "Oswald,He"]
[Result "0-1"]
[WhiteElo "1968"]
[BlackElo "1981"]

1.d4 d5 2.c4 c6 3.Nf3 Nf6 4.Qc2 e6 5.g3 Nbd7 6.Bg2 Bd6 7.O-O O-O 8.b3 b6
9.Rd1 Bb7 10.Nc3 Rc8 11.e4 Nxe4 12.Nxe4 dxe4 13.Qxe4 Nf6 14.Qc2 h6 15.c5 Bb8
16.b4 b5 17.a4 a6 18.Ne5 Qe7 19.axb5 axb5 20.Qb3 Rfd8 21.Bh3 Nd5 22.Re1 Bxe5
23.Rxe5 Ra8 24.Rxa8 Rxa8 25.g4 Ra4 26.Bd2 Ra1+ 27.Kg2 Qf6 28.Qg3 g5 29.Re4 Ra2
30.Be3 Kg7 31.Kg1 Nc3 32.Bxg5 Qxf2+ 33.Qxf2 Rxf2 34.Rf4 Rxf4  0-1